000 00432nam a22001697a 4500
020 _a9781429295901
082 _a530
100 _aTipler, Paul A.
245 _aModern Physics
250 _a6th ed.
260 _aNew York
_bW.J. Freeman and Company
300 _axv, 702 (various pages).
_bill. ;
500 _aIncludes bibliographical references and index
650 _aPhysics.
700 _aLlewellyn, Ralph A.
942 _cBK
999 _c12112
_d12112